00784 a2200181 450000500170000002000190001710000150003624500390005125000110009026000290010130000350013070000150016594200130018099900150019395201340020895201300034295201300047220260314110451.0 a97803557506431 aWHITMAN, M aprinciples of Information Security a7th Ed aSingaporebCengagec2022 axx,531p;ill;tablebIndexc28cm aMattord, H 2ddccBKS c6833d6833 r2026-03-14 11:25:48l0o001 WHIpMBY0001131w2026-03-14yBKS102ddc407000a002b002cSPECIALd2026-02-27ePURCHASEg154426.00 r2026-03-14 11:25:48l0o001 WHIpMBY0001132w2026-03-14yBKS102ddc407000a002b002cGENd2026-02-27ePURCHASEg154426.00 r2026-03-14 11:25:48l0o001 WHIpMBY0001133w2026-03-14yBKS102ddc407000a002b002cGENd2026-02-27ePURCHASEg154426.00